000 01691cam a22004574i 4500
003 PE-LiUPU
005 20250731184512.0
008 150617s r 000 0 d
035 _a(Sirsi) a16452
040 _aPE-LiUPU
_bspa
_cPE-LiUPU
_erda
049 _aPRUA
082 0 4 _a901
_bR165t
_223
100 _aRama, Carlos Manuel,
_d1921-1983
_eautor
_92176
245 1 0 _aTeoría de la historia :
_bintroducción a los estudios históricos /
_cCarlos M. Rama.
250 _aTercera edición revisada
264 1 _aMadrid :
_bEditorial Tecnos,
_c1974.
300 _a207 páginas ;
_c21 cm
336 _atext
_2rdacontent
337 _aunmediated
_2rdamedia
338 _avolume
_2rdacarrier
505 0 _aDe la teoria de la historia -- La historia en el conocimiento -- Historia y literatura -- Historia y ciencia -- Historia y sociologia -- El concepto de la historia -- La realidad histórica -- Hecho histórico o suceder histórico -- La historicidad -- El historicismo -- Las unidades de actuación -- El campo de la historia -- De la utilidad de la historia -- La actualidad de la historia.
526 _aP136
526 _aP135
526 _aP134
526 _aP133
526 _aP144
526 _aP143
526 _aP87
526 _aP35
526 _aP20
526 _aP14
526 _aP10
526 _aP06
650 0 _aFilosofía de la Historia
_92177
650 0 _aHistoria
_92043
910 _ajck
942 _2ddc
_cBK
949 _a901 R165t
_wDEWEY
_c1
_i26281
_lCCODEBUL1
_mBUL
_r0
_sY
_tBOOK
_u2015-04-21
_xEDUCACION
_zUNKNOWN
_0COMPRA
_o.STAFF. Colección General
980 _81
_gALBERTO SANCHEZ Responsable de Automatización
999 _c13326
_d13326